000 00367nam a22001337a 4500
999 _c13592
_d13592
020 _a9693508092
082 _a925.3
100 _aڈاکٹر مجاہد کامران
245 _aجدید طبیعیات کے بانی
260 _aلاہور
_bسنگ میل پبلیکیشنز
_c١٩٩٧
300 _a٣٢٧ صفحات
650 _aModern Physicist
942 _cBK